[Event "Bucaramanga Santander-ch"]
[Site "Bucaramanga"]
[Date "2022.04.10"]
[Round "6"]
[White "Jaimes Rios, Luis Alejandro"]
[Black "Virviescas Sanchez, Christian Stewart"]
[Result "1/2-1/2"]
[WhiteElo "1812"]
[BlackElo "1610"]
[PlyCount "65"]
[EventDate "2022.04.08"]
[EventType "swiss"]
[EventRounds "8"]
[EventCountry "COL"]
[SourceTitle "CBM 207 Extra"]
[Source "ChessBase"]
[SourceDate "2022.05.31"]
[SourceVersion "1"]
[SourceVersionDate "2022.05.31"]
[SourceQuality "1"]

1. e4 e5 2. Nf3 Nc6 3. Bc4 Bc5 4. Nc3 Nf6 5. Qe2 d6 6. h3 h6 7. d3 Na5 8. Bb5+ c6 9. Ba4 b5 10. Bb3 Nxb3 11. axb3 0-0 12. 0-0 Bb7 13. Be3 Bb4 14. Nd1 Ba5 15. c3 Bb6 16. Nh4 d5 17. Bxb6 Qxb6 18. exd5 Nxd5 19. Qxe5 Rae8 20. Qg3 Re6 21. d4 Rfe8 22. b4 Bc8 23. Ne3 Nxe3 24. fxe3 Rxe3 25. Qf2 Qc7 26. Rae1 Rxe1 27. Rxe1 Rxe1+ 28. Qxe1 Be6 29. Qe3 a5 30. bxa5 Qxa5 31. b4 Qa2 32. Kh2 Bd5 33. Nf3 1/2-1/2

[Event "Bucaramanga Santander-ch"]
[Site "Bucaramanga"]
[Date "2022.04.09"]
[Round "3"]
[White "Rueda Rojas, Richard Alejandro"]
[Black "Jaimes Rios, Luis Alejandro"]
[Result "0-1"]
[WhiteElo "1501"]
[BlackElo "1812"]
[PlyCount "96"]
[EventDate "2022.04.08"]
[EventType "swiss"]
[EventRounds "8"]
[EventCountry "COL"]
[SourceTitle "CBM 207 Extra"]
[Source "ChessBase"]
[SourceDate "2022.05.31"]
[SourceVersion "1"]
[SourceVersionDate "2022.05.31"]
[SourceQuality "1"]

1. e4 c6 2. d3 d5 3. Nd2 e5 4. Ngf3 Bd6 5. g3 Nf6 6. Bg2 0-0 7. 0-0 Re8 8. h3 a5 9. a4 Na6 10. c3 Nc5 11. Qc2 dxe4 12. dxe4 Bc7 13. Rd1 Qd3 14. Qxd3 Nxd3 15. Nc4 Nxc1 16. Raxc1 Be6 17. Ncd2 h6 18. Re1 Nd7 19. Bf1 Nc5 20. Ra1 Red8 21. Bc4 Bxh3 22. Nb3 Nd3 23. Bxd3 Rxd3 24. Nh4 Bb6 25. Kh2 Be6 26. Nc1 Rd2 27. Re2 Rad8 28. Nf3 Rxe2 29. Nxe2 Bxf2 30. Kg2 Bb6 31. Kf1 f6 32. Ke1 Rd3 33. Nd2 Bg4 34. Nc4 Bc7 35. Rd1 Rxd1+ 36. Kxd1 Be6 37. Nd2 Bb6 38. Kc2 g5 39. b4 f5 40. bxa5 Bxa5 41. exf5 Bxf5+ 42. Kb2 Kf7 43. Nc4 Bc7 44. Ne3 Be4 45. Nc1 Bg6 46. g4 Ke6 47. Ne2 Bb6 48. Ng2 Bd3 0-1

[Event "Bucaramanga Santander-ch"]
[Site "Bucaramanga"]
[Date "2022.04.08"]
[Round "2"]
[White "Jaimes Rios, Luis Alejandro"]
[Black "Sanchez Fonseca, Alejandro"]
[Result "1-0"]
[WhiteElo "1812"]
[BlackElo "1286"]
[PlyCount "23"]
[EventDate "2022.04.08"]
[EventType "swiss"]
[EventRounds "8"]
[EventCountry "COL"]
[SourceTitle "CBM 207 Extra"]
[Source "ChessBase"]
[SourceDate "2022.05.31"]
[SourceVersion "1"]
[SourceVersionDate "2022.05.31"]
[SourceQuality "1"]

1. e4 e5 2. Nf3 Nc6 3. Bc4 Nf6 4. Ng5 Qe7 5. Bxf7+ Kd8 6. Bb3 Qb4 7. c3 Qc5 8. Nf7+ Ke8 9. Nxh8 Nxe4 10. 0-0 Be7 11. Qh5+ Kf8 12. Qf7# 1-0

[Event "Bucaramanga Bonita op"]
[Site "Bucaramanga"]
[Date "2021.09.04"]
[Round "4"]
[White "Cardenas Briceno, Eloy"]
[Black "Jaimes Rios, Luis Alejandro"]
[Result "1/2-1/2"]
[WhiteElo "1469"]
[BlackElo "1842"]
[PlyCount "104"]
[EventDate "2021.09.04"]
[EventType "swiss"]
[EventRounds "6"]
[EventCountry "COL"]
[SourceTitle "EXT 2022"]
[Source "ChessBase"]
[SourceDate "2021.10.06"]
[SourceVersion "1"]
[SourceVersionDate "2021.10.06"]
[SourceQuality "1"]

1. e4 e6 2. f4 d5 3. exd5 exd5 4. d4 Bd6 5. Qh5 Nc6 6. Bb5 Nf6 7. Qe2+ Be7 8. Nf3 0-0 9. Bxc6 bxc6 10. 0-0 a5 11. Nbd2 Ba6 12. c4 dxc4 13. Nxc4 Re8 14. Nfe5 Qxd4+ 15. Be3 Qe4 16. Qf3 Qxf3 17. Rxf3 Nd5 18. b3 f6 19. Nxc6 Bxc4 20. Nxe7+ Rxe7 21. Bc5 Re4 22. bxc4 Rxc4 23. Bf2 Rb8 24. Bg3 Rb2 25. Rb3 Rcc2 26. Rxb2 Rxb2 27. a3 Ne3 28. Bf2 Nc2 29. Rd1 Nxa3 30. Bc5 Rb1 31. Rxb1 Nxb1 32. Kf1 Nd2+ 33. Ke2 Ne4 34. Ba3 Kf7 35. g4 Ke6 36. f5+ Ke5 37. Ke3 Nd6 38. Bb2+ Kd5 39. Kd3 Ne4 40. Ke3 c5 41. h4 h6 42. Kf4 c4 43. Ke3 a4 44. Ba3 Nc5 45. Kd2 Kd4 46. Bb4 Ne4+ 47. Ke2 c3 48. Bf8 Nf2 49. g5 hxg5 50. hxg5 Ke5 51. Bxg7 Kxf5 52. gxf6 Kg6 1/2-1/2

[Event "Bucaramanga Bonita op"]
[Site "Bucaramanga"]
[Date "2021.09.04"]
[Round "3"]
[White "Jaimes Rios, Luis Alejandro"]
[Black "Cuadros Pena, Albert Andretti"]
[Result "1-0"]
[WhiteElo "1842"]
[BlackElo "1600"]
[PlyCount "41"]
[EventDate "2021.09.04"]
[EventType "swiss"]
[EventRounds "6"]
[EventCountry "COL"]
[SourceTitle "EXT 2022"]
[Source "ChessBase"]
[SourceDate "2021.10.06"]
[SourceVersion "1"]
[SourceVersionDate "2021.10.06"]
[SourceQuality "1"]

1. e4 e5 2. Nf3 Nc6 3. d4 exd4 4. Bc4 d6 5. Nxd4 Nf6 6. Nc3 Nxd4 7. Qxd4 Be7 8. Bf4 Nh5 9. Qd5 Be6 10. Bb5+ c6 11. Qxh5 cxb5 12. Qxb5+ Qd7 13. 0-0-0 Rc8 14. Qxd7+ Bxd7 15. Bxd6 Rc6 16. Bxe7 Kxe7 17. Nd5+ Ke6 18. f4 Rd6 19. Rhe1 Rc8 20. g4 Bb5 21. e5 1-0

[Event "Bogota Bonita op"]
[Site "Bogota"]
[Date "2019.09.29"]
[Round "7"]
[White "Jaimes Rios, Luis Alejandro"]
[Black "Gonzalez Zabala, Fabian Alberto"]
[Result "0-1"]
[WhiteElo "1777"]
[BlackElo "1664"]
[PlyCount "47"]
[EventDate "2019.09.26"]
[EventType "swiss"]
[EventRounds "7"]
[EventCountry "COL"]
[SourceTitle "EXT 2020"]
[Source "ChessBase"]
[SourceDate "2019.10.17"]
[SourceVersion "1"]
[SourceVersionDate "2019.10.17"]
[SourceQuality "1"]

1. e4 e5 2. f4 exf4 3. Nf3 d5 4. exd5 Nf6 5. c4 c6 6. d4 cxd5 7. Bxf4 Bg4 8. Qa4+ Nc6 9. Ne5 Qa5+ 10. Qxa5 Nxa5 11. c5 Be7 12. Bb5+ Kf8 13. b4 a6 14. Ba4 Nc4 15. Nxg4 Nxg4 16. 0-0 Bf6 17. Nd2 Bxd4+ 18. Kh1 Nxd2 19. Bxd2 Bxa1 20. Rxa1 h5 21. Kg1 Rd8 22. h3 Ne5 23. Bf4 f6 24. Bb3 0-1

[Event "Bogota Bonita op"]
[Site "Bogota"]
[Date "2019.09.28"]
[Round "5"]
[White "Jaimes Rios, Luis Alejandro"]
[Black "Marquez, Benjamin"]
[Result "0-1"]
[WhiteElo "1777"]
[BlackElo "2003"]
[PlyCount "24"]
[EventDate "2019.09.26"]
[EventType "swiss"]
[EventRounds "7"]
[EventCountry "COL"]
[SourceTitle "EXT 2020"]
[Source "ChessBase"]
[SourceDate "2019.10.17"]
[SourceVersion "1"]
[SourceVersionDate "2019.10.17"]
[SourceQuality "1"]

1. e4 e5 2. Nf3 Nc6 3. d4 exd4 4. Nxd4 Qh4 5. Qd3 Nf6 6. Nxc6 dxc6 7. Nd2 Bb4 8. c3 Bc5 9. g3 Qg4 10. Qe2 0-0 11. Bg2 Re8 12. Qxg4 Bxg4 0-1